| 000 | 00631nam a22001937a 4500 | ||
|---|---|---|---|
| 005 | 20150615154037.0 | ||
| 010 | _aENG-113001 | ||
| 020 |
_a9788170545040 _c600.00 |
||
| 035 | _aEN-96533 | ||
| 037 | _bDBAD/PUB | ||
| 082 | _a378.0087095487 | ||
| 100 | _aBheemsha, Kawale Laxman | ||
| 245 |
_aSchedule caste youth in higher education / _cby Kawale Laxman Bheemsha |
||
| 260 |
_aNew Delhi _bClassical Publishing _c2012 |
||
| 270 |
_a28- Shopping Centre, Karampura _bNew Delhi _e110015 |
||
| 300 |
_axii,271p. _c22cm(Hb) |
||
| 500 | _aIncludes bibliographical references | ||
| 942 |
_2ddc _cEN _mBHE _h378.0087095487 |
||
| 999 |
_c93484 _d93484 |
||